000
00279 a2200109 4500
001
63393
082
_a
954.9358 RAF
090
_c
37445
_d
37445
100
_a
Rais A Rafi, Air Cdre
245
_a
PAF Bomber Operations 1965 & 1971 Wars
260
_a
Masroor
_b
PAF Book Club
_c
1985
942
_a
NUST-CAE
_k
954.9358 RAF
999
_c
298466
_d
298466